Large sample estimation and testing procedures for dynamic equation systems (Registro nro. 26178)

Detalles MARC
000 -LEADER
fixed length control field 00391 a2200121 4500
001 - CONTROL NUMBER
control field ART_12194
005 - DATE AND TIME OF LATEST TRANSACTION
control field 20260410161904.0
008 - FIXED-LENGTH DATA ELEMENTS--GENERAL INFORMATION
fixed length control field 260409a
100 1# - MAIN ENTRY--PERSONAL NAME
Personal name Zellner, Arnold
245 10 - TITLE STATEMENT
Title Large sample estimation and testing procedures for dynamic equation systems
700 1# - ADDED ENTRY--PERSONAL NAME
Personal name Palm, Franz
773 0# - HOST ITEM ENTRY
Title Journal of econometrics
Related parts - Vol. 12, Nº 3 (abr. 1980)
Record control number REV11720

No hay ítems disponibles.